000 00656nam a22002295i 4500
001 17628
003 ES-MaACL
005 20230906151629.0
007 t|
008 010411s1995 sp ||||0| spa j
020 _a84-458-0263-1
040 _aM-BN
_bspa
_cM-BN
080 _a616.89-008.441
245 0 0 _aEstados obsesivos /
_cJulio Vallejo Ruiloba, Germán E. Berrios [editores].
250 _a2ª ed.
260 _aBarcelona :
_bMasson,
_c[1995]
300 _aXX, 492 p ;
_c22 cm.
650 1 4 _aObsesión.
_915675
700 1 _aVallejo Ruiloba, Julio.
_9112858
700 1 _aBerrios, Germán E.
_928386
852 _aES-MaACL
_jL-24483
_bR.129792
999 _c17628
_d17628